000 01155cam a2200133 4500500
005 20260329025437.0
041 _afre
042 _adc
100 1 0 _aBecker, Jean-Jacques
_eauthor
245 0 0 _aHistoire politique de la France depuis 1945
260 _bArmand Colin,
_c2015.
520 _aLa vie politique française depuis 1945, c’est celle de deux républiques, confrontées à des crises majeures – 1958, 1968… –, à un contexte international marqué par la guerre froide, la décolonisation, l’effondrement du bloc soviétique, enfin l’exacerbation des menaces terroristes. C’est aussi un paysage social et des données économiques en pleine mutation : croissance des Trente Glorieuses, chocs pétroliers et récession, explosions technologique et financière, mondialisation… Traversant ces vicissitudes ou ces révolutions, le personnel et les pratiques politiques ont changé eux aussi, pour répondre à la fois aux attentes de la société civile et aux défis du monde contemporain.
856 4 1 _uhttps://shs.cairn.info/histoire-politique-de-la-france-depuis-1945--9782200600044?lang=fr&redirect-ssocas=7080
999 _c1937900
_d1937900